Vida de Jesucristo y de su santisima Madre María

שמור ב:
מידע ביבליוגרפי
מחבר ראשי: Emmerich, Ana Catalina (Author)
פורמט: ספר
שפה:ספרדית
יצא לאור: Friburgo de Brisgovia Herder 1911
נושאים:
תגים: הוספת תג
אין תגיות, היה/י הראשונ/ה לתייג את הרשומה!

MARC

LEADER 00000nam a2200000 a 4500
001 UCI6680
003 CL-VaPUC
008 080523e19110000GW |||||||||||||||||spa|d
082 0 4 |a 232  |b EMM  |2 21 
100 0 |a Emmerich, Ana Catalina  |e author  |9 529641 
245 1 0 |a Vida de Jesucristo y de su santisima Madre María 
300 |a 507 p 
942 |c BK 
945 |d 20080523 00:00:00  |a rbrito 
260 |a Friburgo de Brisgovia  |b Herder  |c 1911 
500 |a Donación Padres Capuchinos 
600 0 |a Jesucristo  |9 481811 
600 0 |a Virgen María   |9 314204 
650 0 |a Biografías  |9 255210 
650 0 |a Cristología   |9 315091 
650 0 |a Mariología   |9 365249 
583 |a last modification  |c 20080523 00:00:00  |k Rodrigo Vera 
999 |c 330130  |d 330128 
952 |0 0  |1 0  |4 0  |6 232_000000000000000_EMM_1911  |7 0  |8 X  |9 415492  |a FDOBUD  |b FDOBUD  |d 2019-11-22  |i 4441370  |o 232 EMM 1911  |p 4441370  |r 2019-11-22  |w 2019-11-22  |y BK_X  |k BUD